00523nam a22001817a 4500003000500000005001700005008004100022020001500063050002500078082002300103245009500126260004300221300003500264521001300299526001700312541000600329562000600335OSt 20140310183122.0130514t xxu||||| |||| 00| 0 eng d a9712328090 aPE 1112 b.F363 1999 aFIL 425 bF39 1999 aNew perspective in English plus cFernando, Jovita N., Pacita I. Habana , Alicia L. Cinco  aManila : bNational Bookstore, c1999. axi, 330p. : bill. ; c22 cm.  aCollege  c1210L-1700L  j1 e1